000
00525nam a2200181Ia 4500
008
100917s9999 xx 000 0 und d
082
_b
26844
100
_a
तेंडुलकर विजय
245
_a
अजगर आणि गंधर्व
260
_b
मौज प्रकाशन
300
_a
130
365
_b
4
520
_a
नाटक
630
_a
अजगर आणि गंधर्व
650
_a
नाटक
730
_a
अजगर आणि गंधर्व
942
_c
BOOK
999
_c
632238
_d
632235